Matrials Management (Record no. 2310)

MARC details
000 -LEADER
fixed length control field 00402nam a22001697a 4500
005 - DATE AND TIME OF LATEST TRANSACTION
control field 20160601101037.0
008 - FIXED-LENGTH DATA ELEMENTS--GENERAL INFORMATION
fixed length control field 160601b xxu||||| |||| 00| 0 eng d
020 ## - INTERNATIONAL STANDARD BOOK NUMBER
ISBN 81-203-0027-0
041 ## - LANGUAGE CODE
Language code of text/sound track or separate title eng
082 ## - DEWEY DECIMAL CLASSIFICATION NUMBER
Item number 6585
100 ## - MAIN ENTRY--AUTHOR NAME
Personal name Gopal Krishnan, P and other
245 ## - TITLE STATEMENT
Title Matrials Management
260 ## - PUBLICATION, DISTRIBUTION, ETC. (IMPRINT)
Place of publication New Delhi
Name of publisher PHI,
Year of publication 2004
300 ## - PHYSICAL DESCRIPTION
Number of Pages 269
650 ## - SUBJECT ADDED ENTRY--TOPICAL TERM
Topical Term Management
942 ## - ADDED ENTRY ELEMENTS (KOHA)
Koha item type Books
Holdings
Lost status Damaged status Collection code Home library Current library Shelving location Date acquired Cost, normal purchase price Full call number Accession Number Koha item type
    MANAGEMENT JRU Library JRU Library SHELF- 68 M 01/06/2016 150.00 6585 6585 Books
    MANAGEMENT JRU Library JRU Library SHELF- 68 M 01/06/2016 150.00 6585 6586 Books
    MANAGEMENT JRU Library JRU Library SHELF- 68 M 01/06/2016 150.00 6585 6587 Books
    MANAGEMENT JRU Library JRU Library SHELF- 68 M 01/06/2016 150.00 6585 6588 Books
      JRU Library     01/06/2016 150.00 6585 6589 Books
    MANAGEMENT JRU Library JRU Library SHELF- 68 M 01/06/2016 150.00 6585 6590 Books
      JRU Library   Shelf - 26- G 01/06/2016 150.00 6585 6591 Books